[Event "FICGS theme 0000 email"]
[Site "FICGS email"]
[Date "2007.03.20"]
[Round "1"]
[White "Sert, Ferdi"]
[Black "Schwarz, Ingo"]
[Result "0-1"]
[WhiteElo "1288"]
[BlackElo "1713"]
[PlyCount "22"]
[EventDate "2007.??.??"]
[EventType "swiss (corr)"]
[EventRounds "1"]
[SourceTitle "Corr 2022"]
[Source "ChessBase"]
[SourceDate "2021.10.24"]
[SourceVersion "1"]
[SourceVersionDate "2021.10.24"]
[SourceQuality "1"]

1. e4 e6 2. d4 f5 3. e5 g6 4. c4 Bg7 5. f4 d6 6. Nf3 Nd7 7. Nc3 dxe5 8. fxe5 c6 9. Bg5 Qb6 10. Qb3 Qxb3 11. axb3 h6 0-1

[Event "FICGS class F 000029 email"]
[Site "FICGS email"]
[Date "2007.03.13"]
[Round "1"]
[White "Oldenhof, Dwight"]
[Black "Sert, Ferdi"]
[Result "1-0"]
[WhiteElo "1400"]
[BlackElo "1288"]
[PlyCount "59"]
[EventDate "2007.??.??"]
[EventType "tourn (corr)"]
[EventRounds "5"]
[SourceTitle "Corr 2022"]
[Source "ChessBase"]
[SourceDate "2021.10.24"]
[SourceVersion "1"]
[SourceVersionDate "2021.10.24"]
[SourceQuality "1"]

1. e4 c6 2. d4 d5 3. Nc3 dxe4 4. Nxe4 Bf5 5. Nc5 b6 6. Na6 Nf6 7. Bg5 Nbd7 8. Bd3 Bxd3 9. Qxd3 e6 10. 0-0-0 Be7 11. Qg3 0-0 12. Bh6 Nh5 13. Qf3 Bg5+ 14. Bxg5 Qxg5+ 15. Kb1 Rac8 16. Nh3 Qa5 17. Qd3 Nhf6 18. a3 Rfd8 19. Nb4 h6 20. Qf3 Nd5 21. Nxd5 cxd5 22. Nf4 Nf6 23. h4 Ne4 24. Qe3 Rc6 25. Rd3 Rdc8 26. Rc1 Qa4 27. c3 a5 28. f3 Ng3 29. Qe1 Nf5 30. g4 1-0

[Event "FICGS class E 000031 email"]
[Site "FICGS email"]
[Date "2007.01.28"]
[Round "1"]
[White "Kis Kos, Laszlo"]
[Black "Sert, Ferdi"]
[Result "1-0"]
[WhiteElo "1265"]
[BlackElo "1397"]
[PlyCount "67"]
[EventDate "2007.??.??"]
[EventType "tourn (corr)"]
[EventRounds "5"]
[SourceTitle "Corr 2022"]
[Source "ChessBase"]
[SourceDate "2021.10.24"]
[SourceVersion "1"]
[SourceVersionDate "2021.10.24"]
[SourceQuality "1"]

1. e4 c5 2. Nf3 d6 3. d4 cxd4 4. Nxd4 g6 5. Nc3 Bg7 6. Be3 Nf6 7. f3 0-0 8. Qd2 Nc6 9. 0-0-0 Bd7 10. g4 Rc8 11. h4 Ne5 12. h5 a6 13. hxg6 fxg6 14. Bh6 b5 15. Bxg7 Kxg7 16. Kb1 b4 17. Qh6+ Kf7 18. Nd5 Rh8 19. Qf4 e6 20. Bxa6 exd5 21. Bxc8 g5 22. Qxg5 Qxc8 23. Qf4 Ke7 24. g5 Ne8 25. exd5 Ng6 26. Rhe1+ Kd8 27. Qe4 Rf8 28. Ne6+ Bxe6 29. dxe6 Ke7 30. Rh1 Qxe6 31. Rxh7+ Rf7 32. Rxf7+ Kxf7 33. Qxb4 Qe5 34. f4 1-0

[Event "FICGS class E 000030 email"]
[Site "FICGS email"]
[Date "2007.01.19"]
[Round "1"]
[White "Durnez, Quentin"]
[Black "Sert, Ferdi"]
[Result "0-1"]
[WhiteElo "1408"]
[BlackElo "1397"]
[PlyCount "42"]
[EventDate "2007.??.??"]
[EventType "tourn (corr)"]
[EventRounds "5"]
[SourceTitle "Corr 2022"]
[Source "ChessBase"]
[SourceDate "2021.10.24"]
[SourceVersion "1"]
[SourceVersionDate "2021.10.24"]
[SourceQuality "1"]

1. e4 c5 2. Nf3 d6 3. d4 cxd4 4. Nxd4 Nf6 5. Nc3 a6 6. Be3 Ng4 7. Qf3 Nxe3 8. fxe3 Nd7 9. Bc4 Ne5 10. Qe2 Bg4 11. Qf1 Rc8 12. h3 Bh5 13. g4 Nxc4 14. gxh5 Nxb2 15. Nde2 Qa5 16. Qf5 Rc5 17. Qg4 Rxc3 18. Nxc3 Qxc3+ 19. Ke2 e6 20. Rab1 Be7 21. Qxg7 Qxg7 0-1

[Event "FICGS W-ch st1 g15 email"]
[Site "FICGS email"]
[Date "2007.01.16"]
[Round "1"]
[White "Ghisi, Stefano"]
[Black "Sert, Ferdi"]
[Result "1-0"]
[WhiteElo "1794"]
[BlackElo "1397"]
[PlyCount "41"]
[EventDate "2007.??.??"]
[EventType "tourn (corr)"]
[EventRounds "8"]
[SourceTitle "Corr 2022"]
[Source "ChessBase"]
[SourceDate "2021.10.24"]
[SourceVersion "1"]
[SourceVersionDate "2021.10.24"]
[SourceQuality "1"]

1. d4 Nf6 2. c4 g6 3. Nc3 Bg7 4. e4 d6 5. Nf3 0-0 6. Be2 c5 7. 0-0 cxd4 8. Nxd4 Nc6 9. Be3 Bd7 10. h3 Rc8 11. f4 a6 12. Qd3 e5 13. Nxc6 Bxc6 14. fxe5 dxe5 15. Rad1 Qa5 16. Nd5 Bxd5 17. exd5 e4 18. Qb3 Qc7 19. Bf4 Qd7 20. Qb6 Rfe8 21. Be3 1-0

[Event "FICGS W-ch st1 g15 email"]
[Site "FICGS email"]
[Date "2007.01.16"]
[Round "1"]
[White "Sert, Ferdi"]
[Black "Plante, Marc Eric"]
[Result "0-1"]
[WhiteElo "1397"]
[BlackElo "2021"]
[PlyCount "80"]
[EventDate "2007.??.??"]
[EventType "tourn (corr)"]
[EventRounds "8"]
[SourceTitle "Corr 2022"]
[Source "ChessBase"]
[SourceDate "2021.10.24"]
[SourceVersion "1"]
[SourceVersionDate "2021.10.24"]
[SourceQuality "1"]

1. e4 c5 2. Nf3 d6 3. d4 cxd4 4. Nxd4 Nf6 5. Nc3 a6 6. Bg5 e6 7. Qd2 h6 8. Bxf6 Qxf6 9. 0-0-0 Nc6 10. Bc4 Nxd4 11. Qxd4 Qxd4 12. Rxd4 b5 13. Bb3 Be7 14. Ne2 Bb7 15. f3 Bg5+ 16. Kb1 Ke7 17. Rhd1 Rhd8 18. g3 a5 19. a4 Bf6 20. R4d2 bxa4 21. Bxa4 g5 22. Nd4 Rac8 23. Nb5 Be5 24. b3 Rc5 25. c4 Bc6 26. Ka2 Rb8 27. Re2 Rb6 28. Ka3 Ba8 29. Rf1 Bg7 30. f4 Bc6 31. Rd1 Bb7 32. Rd3 Ba8 33. Nd4 gxf4 34. gxf4 Bxd4 35. Rxd4 e5 36. fxe5 Rxe5 37. Re3 h5 38. Rh3 Bxe4 39. c5 dxc5 40. Rd7+ Ke6 0-1

[Event "FICGS rapid C 000018 email"]
[Site "FICGS email"]
[Date "2007.01.15"]
[Round "1"]
[White "Hess, Volker"]
[Black "Sert, Ferdi"]
[Result "0-1"]
[WhiteElo "1116"]
[BlackElo "1397"]
[PlyCount "20"]
[EventDate "2007.??.??"]
[EventType "tourn (rapid)"]
[EventRounds "4"]
[SourceTitle "Corr 2022"]
[Source "ChessBase"]
[SourceDate "2021.10.24"]
[SourceVersion "1"]
[SourceVersionDate "2021.10.24"]
[SourceQuality "1"]

1. c4 Nf6 2. Nc3 c5 3. Nf3 Nc6 4. g3 g6 5. Bg2 Bg7 6. 0-0 0-0 7. d3 d5 8. b3 dxc4 9. bxc4 Nd5 10. d4 Nxc3 0-1

[Event "FICGS class E 000029 email"]
[Site "FICGS email"]
[Date "2007.01.13"]
[Round "1"]
[White "Kis Kos, Laszlo"]
[Black "Sert, Ferdi"]
[Result "1-0"]
[WhiteElo "1265"]
[BlackElo "1397"]
[PlyCount "47"]
[EventDate "2007.??.??"]
[EventType "tourn (corr)"]
[EventRounds "5"]
[SourceTitle "Corr 2022"]
[Source "ChessBase"]
[SourceDate "2021.10.24"]
[SourceVersion "1"]
[SourceVersionDate "2021.10.24"]
[SourceQuality "1"]

1. e4 c5 2. Nf3 d6 3. d4 cxd4 4. Nxd4 a6 5. Nc3 Nf6 6. Bg5 e6 7. f4 Be7 8. Qf3 Qc7 9. 0-0-0 Nbd7 10. g4 b6 11. Bxf6 Nxf6 12. g5 Nd7 13. f5 Bxg5+ 14. Kb1 Ne5 15. Qh5 Be3 16. Nxe6 Bxe6 17. fxe6 g6 18. Nd5 Qc5 19. Qh4 g5 20. Qh6 0-0-0 21. Bxa6+ Kb8 22. b4 Qc6 23. e7 Rd7 24. Qf8+ 1-0

[Event "FICGS class E 000029 email"]
[Site "FICGS email"]
[Date "2007.01.13"]
[Round "1"]
[White "Murer, Erich"]
[Black "Sert, Ferdi"]
[Result "1-0"]
[WhiteElo "1400"]
[BlackElo "1397"]
[PlyCount "41"]
[EventDate "2007.??.??"]
[EventType "tourn (corr)"]
[EventRounds "5"]
[SourceTitle "Corr 2022"]
[Source "ChessBase"]
[SourceDate "2021.10.24"]
[SourceVersion "1"]
[SourceVersionDate "2021.10.24"]
[SourceQuality "1"]

1. e4 e5 2. Nf3 f5 3. Nxe5 Qf6 4. Nc4 fxe4 5. Nc3 Qg6 6. d3 Bb4 7. dxe4 Qxe4+ 8. Ne3 Bxc3+ 9. bxc3 Nf6 10. Bd3 Qc6 11. 0-0 0-0 12. Nf5 Re8 13. Re1 Kf7 14. Rxe8 Nxe8 15. Qh5+ Kf8 16. Qxh7 Qxc3 17. Bb2 Qxb2 18. Qh8+ Kf7 19. Re1 Nc6 20. Nh6+ Kf6 21. Qf8+ 1-0

[Event "FICGS class F 000023 email"]
[Site "FICGS email"]
[Date "2007.01.08"]
[Round "1"]
[White "Kis Kos, Laszlo"]
[Black "Sert, Ferdi"]
[Result "1-0"]
[WhiteElo "1265"]
[BlackElo "1397"]
[PlyCount "41"]
[EventDate "2007.??.??"]
[EventType "tourn (corr)"]
[EventRounds "5"]
[SourceTitle "Corr 2022"]
[Source "ChessBase"]
[SourceDate "2021.10.24"]
[SourceVersion "1"]
[SourceVersionDate "2021.10.24"]
[SourceQuality "1"]

1. e4 c5 2. Nf3 d6 3. d4 cxd4 4. Nxd4 Nf6 5. Nc3 a6 6. Bg5 e6 7. f4 Be7 8. Qf3 Qc7 9. 0-0-0 Nbd7 10. g4 b6 11. Bxf6 Nxf6 12. g5 Nd7 13. f5 Ne5 14. Qg3 b5 15. Nce2 Bd7 16. fxe6 fxe6 17. Nf4 Rc8 18. Bh3 0-0 19. Nfxe6 Qc4 20. Nxf8 Qxa2 21. Nxd7 1-0

[Event "FICGS class F 000023 email"]
[Site "FICGS email"]
[Date "2007.01.08"]
[Round "1"]
[White "Sert, Ferdi"]
[Black "Barradas, Anderson"]
[Result "1-0"]
[WhiteElo "1397"]
[BlackElo "1059"]
[PlyCount "59"]
[EventDate "2007.??.??"]
[EventType "tourn (corr)"]
[EventRounds "5"]
[SourceTitle "Corr 2022"]
[Source "ChessBase"]
[SourceDate "2021.10.24"]
[SourceVersion "1"]
[SourceVersionDate "2021.10.24"]
[SourceQuality "1"]

1. Nf3 d5 2. d4 Nf6 3. c4 Nc6 4. cxd5 Nxd5 5. e4 Nf6 6. Nc3 Bg4 7. Be3 e5 8. d5 Nb4 9. a3 Na6 10. Bb5+ Bd7 11. Bxa6 bxa6 12. Qd3 a5 13. Nxe5 Bd6 14. f4 0-0 15. Nxd7 Qxd7 16. e5 Ng4 17. 0-0 Be7 18. Bd4 Qd8 19. f5 Re8 20. Qf3 h5 21. Rad1 Rb8 22. Rd2 Bg5 23. Re2 Rb3 24. h3 Nh6 25. Qxh5 f6 26. e6 c6 27. h4 Nxf5 28. Rxf5 Bh6 29. Ne4 Rf8 30. d6 1-0

[Event "FICGS class F 000023 email"]
[Site "FICGS email"]
[Date "2007.01.08"]
[Round "1"]
[White "Sert, Ferdi"]
[Black "Neil, Charles"]
[Result "1-0"]
[WhiteElo "1397"]
[BlackElo "1305"]
[PlyCount "25"]
[EventDate "2007.??.??"]
[EventType "tourn (corr)"]
[EventRounds "5"]
[SourceTitle "Corr 2022"]
[Source "ChessBase"]
[SourceDate "2021.10.24"]
[SourceVersion "1"]
[SourceVersionDate "2021.10.24"]
[SourceQuality "1"]

1. d4 Nf6 2. c4 Nc6 3. Nc3 e5 4. d5 Ne7 5. e4 Ng6 6. h4 Bb4 7. h5 Nxe4 8. hxg6 fxg6 9. Bd2 Nxd2 10. Qxd2 0-0 11. Bd3 Qg5 12. Qxg5 Bxc3+ 13. bxc3 1-0

[Event "FICGS class E 000028 email"]
[Site "FICGS email"]
[Date "2007.01.07"]
[Round "1"]
[White "Caburro, John"]
[Black "Sert, Ferdi"]
[Result "0-1"]
[WhiteElo "1449"]
[BlackElo "1397"]
[PlyCount "56"]
[EventDate "2007.??.??"]
[EventType "tourn (corr)"]
[EventRounds "5"]
[SourceTitle "Corr 2022"]
[Source "ChessBase"]
[SourceDate "2021.10.24"]
[SourceVersion "1"]
[SourceVersionDate "2021.10.24"]
[SourceQuality "1"]

1. d4 Nf6 2. c4 g6 3. Nc3 d5 4. Nf3 Bg7 5. Bg5 c6 6. e3 0-0 7. Rc1 Bg4 8. h3 Bf5 9. Be2 Nbd7 10. 0-0 dxc4 11. Bxc4 b5 12. Bb3 a6 13. g4 Be4 14. Ne5 Bd5 15. Bxd5 cxd5 16. Nc6 Qe8 17. Qb3 e6 18. Bh4 Nb6 19. Ne5 Nc4 20. Nxc4 dxc4 21. Qc2 Nd5 22. Nxd5 exd5 23. Bg3 Qe6 24. Rce1 f5 25. Qe2 Rae8 26. f4 Bxd4 27. Kf2 Bb6 28. Qd2 fxg4 0-1

[Event "FICGS class E 000028 email"]
[Site "FICGS email"]
[Date "2007.01.07"]
[Round "1"]
[White "Sert, Ferdi"]
[Black "Buhrmeister, Peter"]
[Result "0-1"]
[WhiteElo "1397"]
[BlackElo "1400"]
[PlyCount "78"]
[EventDate "2007.??.??"]
[EventType "tourn (corr)"]
[EventRounds "5"]
[SourceTitle "Corr 2022"]
[Source "ChessBase"]
[SourceDate "2021.10.24"]
[SourceVersion "1"]
[SourceVersionDate "2021.10.24"]
[SourceQuality "1"]

1. e4 c5 2. Nc3 e6 3. Nf3 Nc6 4. d4 cxd4 5. Nxd4 Qc7 6. Be3 a6 7. Qd2 Nf6 8. 0-0-0 Bb4 9. f3 Ne5 10. Kb1 Bxc3 11. Qxc3 Qxc3 12. bxc3 d5 13. Bg5 dxe4 14. Bxf6 gxf6 15. fxe4 Ke7 16. Nf3 b6 17. Be2 Rg8 18. Nxe5 fxe5 19. Bf3 Bb7 20. Rd3 Rac8 21. Rhd1 Bc6 22. Kb2 f5 23. Re1 Bb5 24. exf5 Bxd3 25. cxd3 Rc5 26. fxe6 Kxe6 27. a4 Kd6 28. Be4 Rcc8 29. Re3 h5 30. Rh3 Rg5 31. Rf3 Rxg2+ 32. Kb3 Rb8 33. Rf6+ Ke7 34. Rf5 Rxh2 35. Rxe5+ Kd6 36. Rg5 h4 37. Rg6+ Ke5 38. Rh6 Kf4 39. c4 h3 0-1

[Event "FICGS class E 000028 email"]
[Site "FICGS email"]
[Date "2007.01.07"]
[Round "1"]
[White "Sert, Ferdi"]
[Black "Kis Kos, Laszlo"]
[Result "1-0"]
[WhiteElo "1397"]
[BlackElo "1265"]
[PlyCount "51"]
[EventDate "2007.??.??"]
[EventType "tourn (corr)"]
[EventRounds "5"]
[SourceTitle "Corr 2022"]
[Source "ChessBase"]
[SourceDate "2021.10.24"]
[SourceVersion "1"]
[SourceVersionDate "2021.10.24"]
[SourceQuality "1"]

1. d4 d5 2. Nf3 Nc6 3. c4 e6 4. Nc3 Nf6 5. Bg5 Be7 6. e3 0-0 7. cxd5 Nxd5 8. Bxe7 Qxe7 9. e4 Nxc3 10. bxc3 b6 11. Bb5 Bb7 12. 0-0 Rfd8 13. Qe2 Na5 14. Ne5 c5 15. Rad1 cxd4 16. cxd4 f6 17. Nf3 Rac8 18. h3 Rc7 19. e5 Bxf3 20. Qxf3 fxe5 21. dxe5 Rc5 22. Rxd8+ Qxd8 23. Qe2 Qc7 24. Re1 Rc2 25. Qf3 Rxa2 26. Qa8+ 1-0